| 000 -LEADER |
| fixed length control field |
01537 a2200265 4500 |
| 003 - CONTROL NUMBER IDENTIFIER |
| control field |
Nust |
| 005 - DATE AND TIME OF LATEST TRANSACTION |
| control field |
20230904085355.0 |
| 010 ## - LIBRARY OF CONGRESS CONTROL NUMBER |
| LC control number |
2004065974 |
| 020 ## - INTERNATIONAL STANDARD BOOK NUMBER |
| Terms of availability |
0471727849 (hc.) |
| 040 ## - CATALOGING SOURCE |
| Transcribing agency |
Nust |
| 082 00 - DEWEY DECIMAL CLASSIFICATION NUMBER |
| Classification number |
621.395,RAF |
| 100 1# - MAIN ENTRY--PERSONAL NAME |
| Personal name |
Rafiquzzaman, Mohamed. |
| 9 (RLIN) |
95105 |
| 245 10 - TITLE STATEMENT |
| Title |
Fundamentals of digital logic and microcomputer design / |
| Statement of responsibility, etc. |
M. Rafiquzzaman. |
| 250 ## - EDITION STATEMENT |
| Edition statement |
5th ed. |
| 260 ## - PUBLICATION, DISTRIBUTION, ETC. |
| Place of publication, distribution, etc. |
Hoboken, N.J. : |
| Name of publisher, distributor, etc. |
J. Wiley & Sons, |
| Date of publication, distribution, etc. |
c2005. |
| 300 ## - PHYSICAL DESCRIPTION |
| Extent |
xviii, 820 p. : |
| Other physical details |
ill. ; |
| Dimensions |
26 cm. + |
| Accompanying material |
1 CD-ROM (4 3/4 in.) |
| 505 ## - FORMATTED CONTENTS NOTE |
| Formatted contents note |
Introduction to Digital Systems (Page-1), Number Systems and Codes (Page-23), Boolean Algebra and Digital Logic Gates (Page-53), Combinational Logic Design (Page-99), Sequential Logic Design (Page-135), Microcomputer Architecture, Programming and System Design Concept (Page-185), Design of Computer Instruction Set and the CPU (Page-237), Memory, I/O and Parallel Processing (Page-299), INTEL 8086 (Page-367), MOTOROLA MC 68000 (Page-457), Intel and MOTROLA 32-& 64-Bit Microprocessors (Page-543) , |
| 650 #0 - SUBJECT ADDED ENTRY--TOPICAL TERM |
| Topical term or geographic name entry element |
Electronic digital computers |
| General subdivision |
Circuits. |
| 9 (RLIN) |
36507 |
| 650 #0 - SUBJECT ADDED ENTRY--TOPICAL TERM |
| Topical term or geographic name entry element |
Logic circuits. |
| 9 (RLIN) |
17982 |
| 650 #0 - SUBJECT ADDED ENTRY--TOPICAL TERM |
| Topical term or geographic name entry element |
Microcomputers |
| General subdivision |
Design and construction. |
| 9 (RLIN) |
99254 |
| 856 42 - ELECTRONIC LOCATION AND ACCESS |
| Materials specified |
Contributor biographical information |
| Uniform Resource Identifier |
<a href="http://www.loc.gov/catdir/enhancements/fy0619/2004065974-b.html">http://www.loc.gov/catdir/enhancements/fy0619/2004065974-b.html</a> |
| 856 42 - ELECTRONIC LOCATION AND ACCESS |
| Materials specified |
Publisher description |
| Uniform Resource Identifier |
<a href="http://www.loc.gov/catdir/enhancements/fy0619/2004065974-d.html">http://www.loc.gov/catdir/enhancements/fy0619/2004065974-d.html</a> |
| 856 42 - ELECTRONIC LOCATION AND ACCESS |
| Materials specified |
Table of contents only |
| Uniform Resource Identifier |
<a href="http://www.loc.gov/catdir/enhancements/fy0619/2004065974-t.html">http://www.loc.gov/catdir/enhancements/fy0619/2004065974-t.html</a> |
| 942 ## - ADDED ENTRY ELEMENTS (KOHA) |
| Source of classification or shelving scheme |
|
| Koha item type |
Reference |